[Event "Wch Seniors 65 30th"]
[Site "Assisi"]
[Date "2022.11.16"]
[Round "2"]
[White "Toefferl, Heimo"]
[Black "Chan, Peng Kong"]
[Result "0-1"]
[WhiteElo "1990"]
[BlackElo "2149"]
[PlyCount "52"]
[EventDate "2022.11.15"]
[EventType "swiss"]
[EventRounds "11"]
[EventCountry "ITA"]
[SourceTitle "CBM 211 Extra"]
[Source "ChessBase"]
[SourceDate "2023.01.31"]
[SourceVersion "1"]
[SourceVersionDate "2023.01.31"]
[SourceQuality "1"]

1. d4 Nf6 2. c4 e6 3. Nc3 Bb4 4. f3 c5 5. d5 b5 6. e4 d6 7. Bd2 Bxc3 8. Bxc3 b4 9. Bd2 0-0 10. a3 exd5 11. cxd5 Nh5 12. g3 f5 13. axb4 fxe4 14. bxc5 Nd7 15. c6 Ne5 16. f4 Bg4 17. Be2 Nd3+ 18. Kf1 Qb6 19. Be1 Nhxf4 20. Bxg4 Nxd5+ 21. Kg2 Ne3+ 22. Kh3 Nxd1 23. Rxd1 Qxc6 24. Ne2 d5 25. Nd4 Qh6+ 26. Kg2 Rae8 0-1

[Event "St Veit op 41st"]
[Site "St Veit"]
[Date "2022.07.15"]
[Round "8"]
[White "Praxmarer, Christian"]
[Black "Toefferl, Heimo"]
[Result "1/2-1/2"]
[WhiteElo "1906"]
[BlackElo "2003"]
[PlyCount "65"]
[EventDate "2022.07.09"]
[EventType "swiss"]
[EventRounds "9"]
[EventCountry "AUT"]
[SourceTitle "CBM 209 Extra"]
[Source "ChessBase"]
[SourceDate "2022.09.30"]
[SourceVersion "1"]
[SourceVersionDate "2022.09.30"]
[SourceQuality "1"]

1. b3 e5 2. Bb2 Nc6 3. e3 Nh6 4. Bb5 d6 5. Nc3 a6 6. Bc4 Be7 7. Nge2 0-0 8. Ng3 Be6 9. 0-0 d5 10. Be2 f5 11. f4 d4 12. Nb1 e4 13. Ba3 b5 14. Bxe7 Nxe7 15. Qc1 c5 16. d3 Bd5 17. dxe4 fxe4 18. Nd2 Nef5 19. Ndxe4 Nxe3 20. Rf2 Nhg4 21. Bxg4 Nxg4 22. Re2 Qh4 23. h3 Ne3 24. Qe1 Rae8 25. Nd6 Nxc2 26. Ngf5 Nxe1 27. Rxe8 Nf3+ 28. gxf3 Qxf4 29. Rae1 h6 30. Rxf8+ Kh7 31. Re7 Qc1+ 32. Kf2 Qd2+ 33. Kg3 1/2-1/2

[Event "St Veit op 38th"]
[Site "St Veit"]
[Date "2019.07.06"]
[Round "1"]
[White "Toefferl, Heimo"]
[Black "Reich, Thomas"]
[Result "0-1"]
[WhiteElo "2017"]
[BlackElo "2350"]
[PlyCount "90"]
[EventDate "2019.07.06"]
[EventType "swiss"]
[EventRounds "9"]
[EventCountry "AUT"]
[SourceTitle "EXT 2020"]
[Source "ChessBase"]
[SourceDate "2019.10.17"]
[SourceVersion "1"]
[SourceVersionDate "2019.10.17"]
[SourceQuality "1"]

1. d4 Nf6 2. c4 g6 3. Nc3 Bg7 4. e4 0-0 5. Be2 d6 6. Bg5 Nc6 7. d5 Ne5 8. h3 c6 9. Qd2 cxd5 10. cxd5 Ned7 11. Nf3 Nc5 12. Qc2 Bd7 13. Nd2 Rc8 14. Rc1 b5 15. Qb1 b4 16. Nd1 e6 17. Ne3 h6 18. Bf4 e5 19. Bh2 Ne8 20. g4 Nc7 21. b3 Nb5 22. Bxb5 Bxb5 23. Ndc4 Bf6 24. 0-0 Qe7 25. Rce1 Bg5 26. Qc2 Nd7 27. Qd3 Rc7 28. Re2 Rfc8 29. Rc2 Bxe3 30. fxe3 Bxc4 31. Rxc4 Rxc4 32. bxc4 Nc5 33. Qc2 a5 34. Bg3 a4 35. Be1 Rb8 36. Qg2 b3 37. axb3 axb3 38. Bc3 Na4 39. Bb2 Qa7 40. Re1 Qc5 41. Qf2 Nxb2 42. Rf1 Rb7 43. Qxb2 Qxe3+ 44. Rf2 Ra7 45. Qe2 Qxe2 0-1

[Event "AUT-ch Seniors 65"]
[Site "Deutschlandsberg"]
[Date "2019.04.30"]
[Round "3.4"]
[White "Toefferl, Heimo"]
[Black "Kunschek, Horst"]
[Result "1-0"]
[WhiteElo "2037"]
[BlackElo "1785"]
[PlyCount "57"]
[EventDate "2019.04.28"]
[EventType "swiss"]
[EventRounds "7"]
[EventCountry "AUT"]
[SourceTitle "EXT 2024"]
[Source "ChessBase"]
[SourceDate "2023.10.10"]
[SourceVersion "1"]
[SourceVersionDate "2023.10.10"]
[SourceQuality "1"]

1. d4 d5 2. c4 Nc6 3. cxd5 Qxd5 4. e3 e5 5. Nc3 Bb4 6. Bd2 Bxc3 7. bxc3 exd4 8. cxd4 Nf6 9. Nf3 0-0 10. Be2 Ne4 11. 0-0 Nxd2 12. Nxd2 Re8 13. Bf3 Qd6 14. Rc1 Bd7 15. Ne4 Qg6 16. Nc5 Bc8 17. Re1 Rb8 18. Nd3 Bd7 19. d5 Ne7 20. e4 c6 21. Nc5 Red8 22. d6 Be6 23. Nxb7 Rxb7 24. dxe7 Re8 25. Rxc6 Rbxe7 26. Rd6 Qg5 27. Rd8 Bxa2 28. Rxe8+ Rxe8 29. Qa4 1-0

[Event "Wch Seniors 65 28th"]
[Site "Bled"]
[Date "2018.11.23"]
[Round "6"]
[White "Gromark, Per Olof"]
[Black "Toefferl, Heimo"]
[Result "0-1"]
[WhiteElo "1862"]
[BlackElo "2082"]
[PlyCount "100"]
[EventDate "2018.11.18"]
[EventType "swiss"]
[EventRounds "11"]
[EventCountry "SLO"]
[SourceTitle "CBM 187 Extra"]
[Source "ChessBase"]
[SourceDate "2018.11.04"]
[SourceVersion "1"]
[SourceVersionDate "2018.11.04"]
[SourceQuality "1"]

1. c4 e6 2. Nc3 c6 3. Nf3 d5 4. e3 Bd6 5. b3 Ne7 6. Bb2 0-0 7. Qc2 Nd7 8. g3 e5 9. cxd5 cxd5 10. Nb5 Bb8 11. Rc1 a6 12. Nc3 b5 13. Bg2 Bb7 14. 0-0 Bd6 15. Ne2 f6 16. d4 e4 17. Nd2 f5 18. f3 Nf6 19. fxe4 fxe4 20. Nf4 Bc8 21. Rfe1 Bf5 22. Nf1 Qd7 23. Qd2 b4 24. Rc2 g5 25. Ne2 Bh3 26. Nc1 Bg4 27. Kh1 Rf7 28. Ne2 Bf3 29. Ng1 g4 30. Ne2 h5 31. Nf4 Nf5 32. Qc1 h4 33. Rc5 Bxf4 34. exf4 Rh7 35. Kg1 Nh5 36. Kf2 Re8 37. Bxf3 hxg3+ 38. hxg3 gxf3 39. g4 Nf6 40. gxf5 Ng4+ 41. Kg1 Qxf5 42. Ne3 f2+ 43. Kf1 fxe1Q+ 44. Kxe1 Qd7 45. Qd1 Nf6 46. f5 Qd6 47. Nf1 Rh1 48. Qe2 Qg3+ 49. Kd2 Qh3 50. Kc2 Rxf1 0-1

[Event "Wch Seniors 65 28th"]
[Site "Bled"]
[Date "2018.11.20"]
[Round "3"]
[White "Toefferl, Heimo"]
[Black "Lotsov Har Zahav, Avraham"]
[Result "0-1"]
[WhiteElo "2082"]
[BlackElo "1700"]
[PlyCount "70"]
[EventDate "2018.11.18"]
[EventType "swiss"]
[EventRounds "11"]
[EventCountry "SLO"]
[SourceTitle "CBM 187 Extra"]
[Source "ChessBase"]
[SourceDate "2018.11.04"]
[SourceVersion "1"]
[SourceVersionDate "2018.11.04"]
[SourceQuality "1"]

1. d4 f5 2. g3 Nf6 3. Bg2 g6 4. c3 c6 5. h4 Bg7 6. Nh3 d6 7. Ng5 h6 8. Nh3 Be6 9. Nd2 Bd5 10. f3 Nbd7 11. Qc2 Bf7 12. e4 fxe4 13. fxe4 e5 14. Nf3 Ng4 15. Bd2 Qb6 16. Qd3 Qxb2 17. 0-0 Qb5 18. Qc2 Bc4 19. Rfb1 Qa6 20. Rb4 b5 21. a4 0-0 22. Qc1 Qc8 23. axb5 cxb5 24. Qd1 Ndf6 25. Ne1 Nh5 26. Bf3 Ne3 27. Bxe3 Qxh3 28. Rxc4 Qxg3+ 29. Kh1 bxc4 30. Ra2 Nf4 31. Rh2 Nd3 32. Nxd3 Qxf3+ 33. Qxf3 Rxf3 34. Nb2 Rxe3 35. Nxc4 Rxc3 0-1

[Event "Wch Seniors 65 28th"]
[Site "Bled"]
[Date "2018.11.18"]
[Round "1"]
[White "Toefferl, Heimo"]
[Black "Zilbershtein, Victor"]
[Result "1-0"]
[WhiteElo "2082"]
[BlackElo "1717"]
[PlyCount "63"]
[EventDate "2018.11.18"]
[EventType "swiss"]
[EventRounds "11"]
[EventCountry "SLO"]
[SourceTitle "CBM 187 Extra"]
[Source "ChessBase"]
[SourceDate "2018.11.04"]
[SourceVersion "1"]
[SourceVersionDate "2018.11.04"]
[SourceQuality "1"]

1. d4 c5 2. d5 e5 3. e4 d6 4. Bd3 g6 5. Ne2 Bh6 6. Nd2 Na6 7. c3 Nc7 8. 0-0 a6 9. a4 Bg4 10. h3 Bd7 11. f4 exf4 12. Nxf4 g5 13. Nh5 g4 14. Nc4 Bf8 15. hxg4 b5 16. axb5 axb5 17. Rxa8 Qxa8 18. Nb6 Qd8 19. Qf3 Qe7 20. Bg5 f6 21. Bxf6 Nxf6 22. Nxf6+ Kd8 23. Nfxd7 Bh6 24. Qf6 Be3+ 25. Kh2 Qxf6 26. Rxf6 c4 27. Bc2 h5 28. Kh3 Ne8 29. Rf7 h4 30. e5 dxe5 31. Nxe5 Bxb6 32. Nc6+ 1-0

[Event "AUT-ch Seniors 65"]
[Site "Deutschlandsberg"]
[Date "2018.04.26"]
[Round "5"]
[White "Storer, Hans"]
[Black "Toefferl, Heimo"]
[Result "0-1"]
[WhiteElo "1720"]
[BlackElo "2135"]
[PlyCount "76"]
[EventDate "2018.04.22"]
[EventType "swiss"]
[EventRounds "7"]
[EventCountry "AUT"]
[SourceTitle "CBM 184 Extra"]
[Source "ChessBase"]
[SourceDate "2018.06.28"]
[SourceVersion "1"]
[SourceVersionDate "2018.06.28"]
[SourceQuality "1"]

1. d4 e6 2. Nf3 d5 3. c4 c6 4. e3 Bd6 5. Nc3 f5 6. cxd5 exd5 7. Ne5 Ne7 8. Qh5+ g6 9. Qd1 Nd7 10. f4 Nf6 11. Be2 0-0 12. Bd2 a5 13. a4 b6 14. 0-0 Ba6 15. Bxa6 Rxa6 16. Rc1 Qe8 17. Qe2 Ra7 18. Be1 Ne4 19. Nxe4 fxe4 20. Bh4 Nf5 21. Be1 c5 22. g4 Ng7 23. Bc3 Ne6 24. Rcd1 c4 25. Ra1 Bxe5 26. dxe5 Qc6 27. h4 Nc5 28. f5 gxf5 29. Kh2 Qh6 30. Be1 Nd3 31. Bg3 Rg7 32. Rxf5 Rxf5 33. gxf5 Nxe5 34. f6 Qxf6 35. Rf1 Nf3+ 36. Rxf3 Qxf3 37. Qxf3 exf3 38. Kh3 h5 0-1

[Event "AUT-ch Seniors 65"]
[Site "Deutschlandsberg"]
[Date "2018.04.25"]
[Round "4"]
[White "Verhoef, Jaap"]
[Black "Toefferl, Heimo"]
[Result "1-0"]
[WhiteElo "1967"]
[BlackElo "2135"]
[PlyCount "87"]
[EventDate "2018.04.22"]
[EventType "swiss"]
[EventRounds "7"]
[EventCountry "AUT"]
[SourceTitle "CBM 184 Extra"]
[Source "ChessBase"]
[SourceDate "2018.06.28"]
[SourceVersion "1"]
[SourceVersionDate "2018.06.28"]
[SourceQuality "1"]

1. e4 e6 2. d4 d5 3. Nd2 Nf6 4. e5 Nfd7 5. Bd3 b6 6. c3 c5 7. Ne2 Ba6 8. Bb1 Be7 9. 0-0 Nc6 10. Re1 Bxe2 11. Qxe2 cxd4 12. cxd4 h5 13. Nb3 Qc7 14. Be3 0-0-0 15. Bd3 Ndb8 16. Rec1 Kb7 17. a4 a6 18. a5 b5 19. Nc5+ Ka7 20. b4 Rc8 21. Rab1 Bxc5 22. Rxc5 Nd7 23. Rc2 Qb7 24. Qf3 f5 25. exf6 gxf6 26. Qh3 f5 27. Qg3 Nf6 28. Qd6 Qd7 29. Qc5+ Ka8 30. Rbc1 Na7 31. Qb6 Rxc2 32. Rxc2 Rc8 33. Qxa6 Rxc2 34. Bxc2 Qc6 35. Qxc6+ Nxc6 36. Bd3 Na7 37. Bg5 Ne4 38. h4 Nc6 39. Bxb5 Nxd4 40. Be8 Nc2 41. Bxh5 Nxb4 42. Bf7 e5 43. Be7 Na2 44. Bxd5+ 1-0

[Event "Wch Seniors 65 26th"]
[Site "Marianske Lazne"]
[Date "2016.11.29"]
[Round "10"]
[White "Toefferl, Heimo"]
[Black "Pribyl, Josef"]
[Result "1/2-1/2"]
[WhiteElo "2033"]
[BlackElo "2252"]
[PlyCount "35"]
[EventDate "2016.11.19"]
[EventType "swiss"]
[EventRounds "11"]
[EventCountry "CZE"]
[SourceTitle "CBM 175 Extra"]
[Source "ChessBase"]
[SourceDate "2016.12.12"]
[SourceVersion "1"]
[SourceVersionDate "2016.12.12"]
[SourceQuality "1"]

1. d4 Nf6 2. c4 g6 3. Nc3 d5 4. cxd5 Nxd5 5. e4 Nxc3 6. bxc3 Bg7 7. Bc4 Qd7 8. f3 b5 9. Bb3 0-0 10. Ne2 Nc6 11. Be3 Na5 12. 0-0 Nxb3 13. axb3 Bb7 14. b4 e6 15. Nc1 f5 16. e5 Bd5 17. Nd3 Qc6 18. Nc5 1/2-1/2

[Event "Wch Seniors 65 26th"]
[Site "Marianske Lazne"]
[Date "2016.11.27"]
[Round "8"]
[White "Toefferl, Heimo"]
[Black "Sejkora, Vlastimil"]
[Result "1-0"]
[WhiteElo "2033"]
[BlackElo "2195"]
[PlyCount "43"]
[EventDate "2016.11.19"]
[EventType "swiss"]
[EventRounds "11"]
[EventCountry "CZE"]
[SourceTitle "CBM 175 Extra"]
[Source "ChessBase"]
[SourceDate "2016.12.12"]
[SourceVersion "1"]
[SourceVersionDate "2016.12.12"]
[SourceQuality "1"]

1. d4 Nf6 2. c4 g6 3. Nc3 Bg7 4. e4 d6 5. Be2 0-0 6. Bg5 h6 7. Be3 Nbd7 8. h4 c5 9. d5 Qa5 10. Bd2 h5 11. Nh3 Ne5 12. f3 e6 13. Nf2 exd5 14. Nxd5 Qd8 15. Bg5 Be6 16. f4 Qa5+ 17. b4 Nxd5 18. bxa5 Ne3 19. Qc1 N5xc4 20. f5 Bb2 21. Bxe3 Bxc1 22. Bxc1 1-0

[Event "Wch Seniors 65 26th"]
[Site "Marianske Lazne"]
[Date "2016.11.22"]
[Round "4"]
[White "Sevenyuk, Alexey"]
[Black "Toefferl, Heimo"]
[Result "1-0"]
[WhiteElo "1877"]
[BlackElo "2033"]
[PlyCount "135"]
[EventDate "2016.11.19"]
[EventType "swiss"]
[EventRounds "11"]
[EventCountry "CZE"]
[SourceTitle "CBM 175 Extra"]
[Source "ChessBase"]
[SourceDate "2016.12.12"]
[SourceVersion "1"]
[SourceVersionDate "2016.12.12"]
[SourceQuality "1"]

1. e4 e6 2. d4 d5 3. Nc3 Bb4 4. e5 b6 5. a3 Bf8 6. Nf3 Qd7 7. Be3 Ne7 8. Bd3 Nf5 9. 0-0 Ba6 10. Bxa6 Nxa6 11. Qd3 Nb8 12. Ne2 c5 13. c4 dxc4 14. Qxc4 Nc6 15. dxc5 Nxe3 16. fxe3 Bxc5 17. Ned4 Rc8 18. Rac1 0-0 19. b4 Bxd4 20. exd4 Ne7 21. Qd3 Rxc1 22. Rxc1 Rc8 23. Qd1 Nf5 24. h3 Rxc1 25. Qxc1 Nxd4 26. Qd1 Nxf3+ 27. Qxf3 h6 28. Qa8+ Kh7 29. Qe4+ g6 30. Qf3 Kg8 31. Qe3 Kg7 32. Qf4 Qd3 33. a4 Qf5 34. Qd4 g5 35. b5 Qf4 36. Qa1 f6 37. exf6+ Qxf6 38. Qd1 Qe7 39. Qd4+ Kf7 40. Qd3 Kg7 41. Qc3+ e5 42. Kf2 Qd6 43. Ke3 Kf7 44. Ke4 Qg6+ 45. Kd5 Qe6+ 46. Ke4 Kf6 47. Qf3+ Ke7 48. Qc3 Qg6+ 49. Kd5 Qd6+ 50. Ke4 Qg6+ 51. Kd5 Qf7+ 52. Ke4 Qf4+ 53. Kd5 Kf6 54. Qc6+ Kg7 55. Qd7+ Kf8 56. Qd6+ Kf7 57. Qe6+ Kf8 58. Qxh6+ Kg8 59. Qe6+ Kh7 60. Qe7+ Kg6 61. Qe8+ Kh7 62. Qxe5 Qxa4 63. Qe4+ Qxe4+ 64. Kxe4 Kg6 65. Ke5 g4 66. h4 Kf7 67. Kf4 Ke6 68. h5 1-0

[Event "AUT-ch"]
[Site "St Johann im Pongau"]
[Date "2016.07.29"]
[Round "7"]
[White "Toefferl, Heimo"]
[Black "Ehs, Christian"]
[Result "1-0"]
[WhiteElo "2025"]
[BlackElo "1984"]
[PlyCount "117"]
[EventDate "2016.07.23"]
[EventType "swiss"]
[EventRounds "9"]
[EventCountry "AUT"]
[SourceTitle "CBM 173 Extra"]
[Source "ChessBase"]
[SourceDate "2016.08.29"]
[SourceVersion "1"]
[SourceVersionDate "2016.08.29"]
[SourceQuality "1"]

1. d4 Nf6 2. c4 g6 3. Nc3 Bg7 4. e4 d6 5. Be2 0-0 6. Bg5 Nbd7 7. h4 e5 8. d5 h6 9. Be3 a5 10. h5 g5 11. g4 Nc5 12. f3 Nfd7 13. Nh3 Bf6 14. 0-0 Na6 15. a3 Rb8 16. Qc2 Ndc5 17. Rfb1 b6 18. b4 Nb7 19. c5 Naxc5 20. bxc5 dxc5 21. Nf2 Bd7 22. Bb5 Nd6 23. a4 Be7 24. Bxd7 Qxd7 25. Nh1 Ne8 26. Ng3 Ng7 27. Nb5 Ra8 28. Qc4 Bd6 29. Rd1 f6 30. Rab1 Kh7 31. Nc3 Rfd8 32. Nf1 Qe8 33. Qe2 Qd7 34. Nd2 Ne8 35. Rb2 Kg8 36. Rdb1 Kh7 37. Qb5 Kg8 38. Nc4 Kf7 39. Qc6 Qc8 40. Nb5 Rd7 41. Kf1 Ke7 42. Ke2 Qa6 43. Kd3 Qc8 44. Kc3 Kd8 45. Bd2 Ke7 46. Ne3 Ng7 47. Na3 Qa6 48. Nac4 Rc8 49. Rb5 Rdd8 50. Rxa5 Qxa5+ 51. Nxa5 bxa5 52. Nc4 Rb8 53. Rb5 Ne8 54. Kc2 Ra8 55. Nxa5 Ra7 56. Nb7 Rda8 57. Nxc5 Bxc5 58. Qxc5+ Nd6 59. Ra5 1-0

[Event "AUT-chT2M 1516"]
[Site "Austria"]
[Date "2016.02.27"]
[Round "7.3"]
[White "Toefferl, Heimo"]
[Black "Mostbauer, Maximilian"]
[Result "0-1"]
[WhiteElo "2073"]
[BlackElo "2126"]
[PlyCount "113"]
[EventDate "2015.10.02"]
[EventType "team-tourn"]
[EventRounds "11"]
[EventCountry "AUT"]
[SourceTitle "EXT 2017"]
[Source "ChessBase"]
[SourceDate "2016.10.25"]
[SourceVersion "1"]
[SourceVersionDate "2016.10.25"]
[SourceQuality "1"]
[WhiteTeam "Wolfsberg"]
[BlackTeam "Ansfelden"]
[WhiteTeamCountry "AUT"]
[BlackTeamCountry "AUT"]

1. d4 Nf6 2. c4 g6 3. Nc3 Bg7 4. e4 d6 5. Be2 0-0 6. Bg5 Nbd7 7. h4 h6 8. Be3 e5 9. d5 Nc5 10. Qc2 a5 11. h5 Nxh5 12. Bxh5 gxh5 13. Rxh5 Qf6 14. f3 Qg6 15. g4 Nd7 16. Rh2 Nf6 17. Rg2 Nh7 18. Nce2 f5 19. Ng3 fxg4 20. fxg4 Bxg4 21. Nf5 Rae8 22. Nh3 h5 23. Nf2 Nf6 24. Nh4 Qh7 25. Kd2 Kh8 26. Rh1 Bh6 27. Qd3 Rg8 28. Rgh2 Bd7 29. Bxh6 Qxh6+ 30. Kc2 Rg7 31. Nf5 Bxf5 32. exf5 Qf4 33. Nh3 Qg3 34. Qd2 Ng4 35. Re2 Qf3 36. Nf4 Qxh1 37. Ne6 Qh4 38. Qxa5 Rge7 39. Nxc7 Rc8 40. Nb5 Qf6 41. Kb3 Rd7 42. Qd2 Qxf5 43. a4 h4 44. Qe1 Qd3+ 45. Nc3 Qxc4+ 46. Kc2 Qf4 47. Qxh4+ Rh7 48. Qe1 Rh2 49. Kb1 Rxe2 50. Qxe2 e4 51. Qb5 Rc7 52. Qe8+ Kg7 53. Nxe4 Qc1+ 54. Ka2 Qc4+ 55. Kb1 Qxd5 56. Nc3 Qf5+ 57. Ka2 0-1

[Event "AUT-chT2M 1516"]
[Site "Austria"]
[Date "2015.10.02"]
[Round "1.2"]
[White "Toefferl, Heimo"]
[Black "Sandhoefner, Florian"]
[Result "1/2-1/2"]
[WhiteElo "2073"]
[BlackElo "2250"]
[PlyCount "60"]
[EventDate "2015.10.02"]
[EventType "team-tourn"]
[EventRounds "11"]
[EventCountry "AUT"]
[SourceTitle "CBM 168 Extra"]
[Source "ChessBase"]
[SourceDate "2015.10.29"]
[SourceVersion "1"]
[SourceVersionDate "2015.10.29"]
[SourceQuality "1"]
[WhiteTeam "Wolfsberg"]
[BlackTeam "St Valentin"]
[WhiteTeamCountry "AUT"]
[BlackTeamCountry "AUT"]

1. d4 d5 2. c4 e6 3. Nc3 c6 4. Nf3 Nf6 5. Bg5 Nbd7 6. cxd5 exd5 7. Qc2 Be7 8. e3 0-0 9. Bd3 Re8 10. 0-0 Nf8 11. Rac1 Be6 12. Ne5 N6d7 13. Bxe7 Qxe7 14. f4 f6 15. Nf3 Nb6 16. Qf2 Qd7 17. Nh4 Nc8 18. h3 Nd6 19. g4 Re7 20. Kh1 Rae8 21. Rg1 Bf7 22. Rg3 Ng6 23. Ng2 f5 24. g5 Ne4 25. Bxe4 dxe4 26. h4 Nf8 27. Qe2 Bd5 28. h5 Ne6 29. Rd1 Nc7 30. Rc1 Rc8 1/2-1/2

[Event "AUT-chT 1415"]
[Site "Austria"]
[Date "2015.02.26"]
[Round "5.3"]
[White "Toefferl, Heimo"]
[Black "Kreisl, Robert"]
[Result "1/2-1/2"]
[WhiteElo "2079"]
[BlackElo "2428"]
[PlyCount "61"]
[EventDate "2014.11.20"]
[EventType "team-tourn"]
[EventRounds "11"]
[EventCountry "AUT"]
[SourceTitle "EXT 2016"]
[Source "ChessBase"]
[SourceDate "2015.10.08"]
[SourceVersion "1"]
[SourceVersionDate "2015.10.08"]
[SourceQuality "1"]
[WhiteTeam "Wolfsberg"]
[BlackTeam "Maria Saal"]
[WhiteTeamCountry "AUT"]
[BlackTeamCountry "AUT"]

1. d4 Nf6 2. c4 g6 3. Nc3 d5 4. cxd5 Nxd5 5. e4 Nxc3 6. bxc3 Bg7 7. Bb5+ c6 8. Ba4 0-0 9. Ne2 c5 10. 0-0 Nc6 11. Be3 Qc7 12. Qc1 b6 13. Rb1 Ba6 14. Bb5 Bxb5 15. Rxb5 Na5 16. dxc5 Nc4 17. f3 Qc6 18. a4 a6 19. Rxb6 Nxb6 20. cxb6 Qxa4 21. Qb2 Rab8 22. Rb1 Rfd8 23. Kf2 Rd3 24. Ra1 Qc4 25. Qa3 Bxc3 26. Qxa6 Qxa6 27. Rxa6 Bb4 28. Nf4 Rb3 29. Nd5 Rb2+ 30. Kg3 Bd6+ 31. Kh3 1/2-1/2

[Event "Zadar op-B 21th"]
[Site "Zadar"]
[Date "2014.12.17"]
[Round "5"]
[White "Toefferl, Heimo"]
[Black "Hladnic, Emanuel"]
[Result "0-1"]
[WhiteElo "2087"]
[BlackElo "1935"]
[PlyCount "88"]
[EventDate "2014.12.14"]
[EventType "swiss"]
[EventRounds "9"]
[EventCountry "CRO"]
[SourceTitle "EXT 2016"]
[Source "ChessBase"]
[SourceDate "2015.10.08"]
[SourceVersion "1"]
[SourceVersionDate "2015.10.08"]
[SourceQuality "1"]

1. d4 Nf6 2. c4 g6 3. Nc3 Bg7 4. e4 d6 5. Be2 0-0 6. Bg5 Nbd7 7. h4 c5 8. d5 Qa5 9. Bd2 h5 10. Nh3 Ne5 11. Ng5 a6 12. a3 Qc7 13. 0-0 Bd7 14. Rc1 Rab8 15. b4 cxb4 16. axb4 Nxc4 17. Bxc4 Qxc4 18. Ne2 Qd3 19. Nf4 Qd4 20. Qc2 Rbc8 21. Bc3 Qb6 22. Qb2 Rc4 23. Ne2 Rfc8 24. Bd4 Qxb4 25. Qxb4 Rxb4 26. Rxc8+ Bxc8 27. Rc1 Bd7 28. Be3 Nxe4 29. Rc7 Nf6 30. Nc3 a5 31. f3 a4 32. Nge4 Nxe4 33. Nxe4 Bf5 34. Rxe7 Bxe4 35. fxe4 Rb1+ 36. Kf2 Rb2+ 37. Kf3 a3 38. Re8+ Kh7 39. e5 Bxe5 40. Rxe5 dxe5 41. d6 a2 42. d7 a1Q 43. d8Q Qf1+ 44. Ke4 Qf5+ 0-1

[Event "AUT-chT 1314"]
[Site "Austria"]
[Date "2014.01.30"]
[Round "4.5"]
[White "Toefferl, Heimo"]
[Black "De Francesco, Klaus"]
[Result "0-1"]
[WhiteElo "2121"]
[BlackElo "2245"]
[PlyCount "48"]
[EventDate "2013.12.06"]
[EventType "team-tourn"]
[EventRounds "11"]
[EventCountry "AUT"]
[SourceTitle "CBM 158 Extra"]
[Source "ChessBase"]
[SourceDate "2014.02.28"]
[SourceVersion "1"]
[SourceVersionDate "2014.02.28"]
[SourceQuality "1"]
[WhiteTeam "Wolfsberg"]
[BlackTeam "Absam"]
[WhiteTeamCountry "AUT"]
[BlackTeamCountry "AUT"]

1. d4 e6 2. c4 Nf6 3. Nc3 Bb4 4. a3 Bxc3+ 5. bxc3 c5 6. f3 b5 7. cxb5 a6 8. bxa6 Bxa6 9. Nh3 Nc6 10. e4 Bxf1 11. Rxf1 Qa5 12. Bd2 cxd4 13. cxd4 Qa7 14. Kf2 e5 15. Bb4 Nxd4 16. Kg3 h5 17. Nf2 h4+ 18. Kh3 d6 19. g4 hxg3+ 20. Kxg3 Qd7 21. Kg2 Nh5 22. Nd3 Qe6 23. Rf2 Rh6 24. Qf1 Qg6+ 0-1

[Event "AUT-chT 1314"]
[Site "Austria"]
[Date "2013.12.07"]
[Round "2.6"]
[White "Toefferl, Heimo"]
[Black "Schramm, Christian"]
[Result "1/2-1/2"]
[WhiteElo "2121"]
[BlackElo "2402"]
[PlyCount "82"]
[EventDate "2013.12.06"]
[EventType "team-tourn"]
[EventRounds "11"]
[EventCountry "AUT"]
[SourceTitle "CBM 157 Extra"]
[Source "ChessBase"]
[SourceDate "2013.12.19"]
[SourceVersion "1"]
[SourceVersionDate "2013.12.19"]
[SourceQuality "1"]
[WhiteTeam "Wolfsberg"]
[BlackTeam "Bernhard"]
[WhiteTeamCountry "AUT"]
[BlackTeamCountry "AUT"]

1. d4 g6 2. c4 Bg7 3. e4 d6 4. Nc3 Nc6 5. Nge2 e5 6. d5 Nd4 7. Nxd4 exd4 8. Nb5 a6 9. Nxd4 Qh4 10. Nf3 Qxe4+ 11. Be2 Nf6 12. 0-0 0-0 13. Bd3 Qg4 14. h3 Qh5 15. Re1 Bd7 16. Bf1 Rfe8 17. Rxe8+ Rxe8 18. Be3 Bc8 19. Rc1 Bh6 20. Rc3 Bxe3 21. Rxe3 Rxe3 22. fxe3 Qh6 23. Qd4 Nd7 24. b4 Qf8 25. Qh4 f6 26. Nd4 Ne5 27. Be2 c5 28. bxc5 dxc5 29. Nf3 Qe7 30. Nd2 Nf7 31. Kf2 Nd6 32. Bd3 Kg7 33. Ke2 Bd7 34. Qf4 b5 35. h4 h5 36. Kf2 g5 37. Qg3 Kh6 38. Qf3 Bg4 39. Qg3 Bd7 40. Qf3 Bg4 41. Qg3 Bd7 1/2-1/2

[Event "AUT-chT 1314"]
[Site "Austria"]
[Date "2013.12.06"]
[Round "1.6"]
[White "Petschar, Kurt"]
[Black "Toefferl, Heimo"]
[Result "1/2-1/2"]
[WhiteElo "2338"]
[BlackElo "2121"]
[PlyCount "81"]
[EventDate "2013.12.06"]
[EventType "team-tourn"]
[EventRounds "11"]
[EventCountry "AUT"]
[SourceTitle "CBM 157 Extra"]
[Source "ChessBase"]
[SourceDate "2013.12.19"]
[SourceVersion "1"]
[SourceVersionDate "2013.12.19"]
[SourceQuality "1"]
[WhiteTeam "Raika Feffernitz"]
[BlackTeam "Wolfsberg"]
[WhiteTeamCountry "AUT"]
[BlackTeamCountry "AUT"]

1. c4 e6 2. d4 d5 3. Nc3 f5 4. cxd5 exd5 5. Bf4 c6 6. e3 Nf6 7. Bd3 Be7 8. Qc2 Ne4 9. Nge2 0-0 10. f3 Nd6 11. 0-0 Nd7 12. Bxd6 Bxd6 13. Bxf5 Qh4 14. g3 Qh6 15. e4 Nb6 16. Bxc8 Raxc8 17. e5 Be7 18. b3 c5 19. f4 cxd4 20. Nxd4 Bb4 21. Rf3 g5 22. f5 g4 23. Rd3 Nd7 24. a3 Bxc3 25. Rxc3 Rxc3 26. Qxc3 Nxe5 27. Re1 Qf6 28. Qe3 Re8 29. Kg2 Re7 30. Qf4 h5 31. Re3 Nc6 32. Rxe7 Nxe7 33. h3 gxh3+ 34. Kxh3 Kf7 35. a4 a6 36. a5 b6 37. axb6 Qxb6 38. Qh4 Qh6 39. Kg2 Qd2+ 40. Kh3 Qh6 41. Kg2 1/2-1/2

[Event "Wch Seniors 23rd"]
[Site "Opatija"]
[Date "2013.11.23"]
[Round "11"]
[White "Toefferl, Heimo"]
[Black "Fucak, Emilijo"]
[Result "0-1"]
[WhiteElo "2089"]
[BlackElo "2223"]
[PlyCount "64"]
[EventDate "2013.11.12"]
[EventType "swiss"]
[EventRounds "11"]
[EventCountry "CRO"]
[SourceTitle "CBM 157 Extra"]
[Source "ChessBase"]
[SourceDate "2013.12.19"]
[SourceVersion "1"]
[SourceVersionDate "2013.12.19"]
[SourceQuality "1"]

1. d4 Nf6 2. c4 e6 3. Nc3 Bb4 4. a3 Bxc3+ 5. bxc3 d6 6. f3 0-0 7. e4 c5 8. Bd3 Nc6 9. Ne2 Ne8 10. Be3 b6 11. 0-0 Ba6 12. Qa4 Na5 13. Rfd1 Qc7 14. d5 Rd8 15. dxe6 fxe6 16. Nf4 Qf7 17. Rab1 Nc7 18. Rb5 Bxb5 19. cxb5 d5 20. Nh3 c4 21. Bb1 dxe4 22. Bxe4 h6 23. Rb1 Nd5 24. Bd4 Qc7 25. Qc2 Nb3 26. Rxb3 cxb3 27. Qxb3 Kh8 28. Bb1 Nf6 29. f4 Rxd4 30. cxd4 Qc1+ 31. Kf2 Qd2+ 32. Kf3 Rc8 0-1